NASA/NSF panel report on satellite comminications systems and technology : Analytical chapters
Đã lưu trong:
| 格式: | 圖書 |
|---|---|
| 語言: | Undetermined |
| 出版: |
Baltimore
International Technology Research Institute
1993
|
| 主題: | |
| 標簽: |
添加標簽
沒有標簽, 成為第一個標記此記錄!
|
| Thư viện lưu trữ: | Trung tâm Học liệu Trường Đại học Cần Thơ |
|---|
| LEADER | 00600nam a2200193Ia 4500 | ||
|---|---|---|---|
| 001 | CTU_99175 | ||
| 008 | 210402s9999 xx 000 0 und d | ||
| 082 | |a 338.4 | ||
| 082 | |b N241/Vol I/1993 | ||
| 245 | 0 | |a NASA/NSF panel report on satellite comminications systems and technology : | |
| 245 | 0 | |b Analytical chapters | |
| 245 | 0 | |c Burton I. Edelason ... [et al.] | |
| 260 | |a Baltimore | ||
| 260 | |b International Technology Research Institute | ||
| 260 | |c 1993 | ||
| 650 | |a Technology transfer | ||
| 650 | |z Japan | ||
| 904 | |i Giang | ||
| 980 | |a Trung tâm Học liệu Trường Đại học Cần Thơ | ||